[Event "2. Bundesliga Mitte 2016/2017"]
[Site "Leoben, Wolfsberg/Taufkirchen/Fuerstenfeld, Grieskirchen, St. Veit"]
[Date "2016.11.13"]
[Round "5"]
[Board "3"]
[White "Schwabeneder, Florian"]
[Black "Knoll, Hermann"]
[Result "1-0"]
[WhiteElo "2362"]
[BlackElo "2329"]
[PlyCount "91"]
[EventDate "2016.10.07"]
[EventType "team"]
[EventRounds "11"]
[EventCountry "AUT"]
[WhiteTeam "Spg. Grieskirchen/Schallerbach"]
[BlackTeam "Union Ansfelden"]

1. g3 d5 2. Bg2 c6 3. d3 Nf6 4. Nf3 Bg4 5. O-O Nbd7 6. Qe1 e5 7. e4 dxe4 8.
dxe4 Bc5 9. Nbd2 O-O 10. h3 Bh5 11. Nb3 Bxf3 12. Bxf3 Bb6 13. a4 Nc5 14. Qb4 a5
15. Qc4 Ne6 16. c3 Qc7 17. Bd2 Rfd8 18. Rad1 Rd7 19. Bc1 Rad8 20. Kg2 h6 21.
Rxd7 Rxd7 22. Bd1 Qd8 23. Bc2 g5 24. Qe2 Kg7 25. Nd2 Bc7 26. Nc4 Ng8 27. Ne3
Qf6 28. Rh1 Kf8 29. Nf5 Ng7 30. h4 Nxf5 31. exf5 Bd8 32. hxg5 hxg5 33. Rh5 Qd6
34. Rh1 Qf6 35. Re1 Bc7 36. Qh5 Bd8 37. Rh1 Be7 38. Be3 Bd8 39. Bc5+ Be7 40.
Be3 Bd8 41. Qg4 Rd5 42. Bb3 Rd7 43. Rh7 Nh6 44. Qh5 Ng8 45. Bc5+ Ke8 46. Rh8
 1-0

[Event "2. Bundesliga Mitte 2016/2017"]
[Site "Leoben, Wolfsberg/Taufkirchen/Fuerstenfeld, Grieskirchen, St. Veit"]
[Date "2016.11.13"]
[Round "5"]
[Board "4"]
[White "Windhager, Hannes"]
[Black "Singer, Christoph"]
[Result "0-1"]
[WhiteElo "2167"]
[BlackElo "2333"]
[PlyCount "190"]
[EventDate "2016.10.07"]
[EventType "team"]
[EventRounds "11"]
[EventCountry "AUT"]
[WhiteTeam "Union Ansfelden"]
[BlackTeam "Spg. Grieskirchen/Schallerbach"]

1. e4 e5 2. Bc4 Nf6 3. d3 Nc6 4. Nf3 Bc5 5. c3 a6 6. O-O Ba7 7. Bb3 O-O 8. Nbd2
d5 9. exd5 Nxd5 10. Nc4 f6 11. Re1 Kh8 12. Bc2 Be6 13. Ne3 Qd7 14. Nxd5 Bxd5
15. Be3 Bxe3 16. Rxe3 Rad8 17. Qe2 Ne7 18. d4 Bxf3 19. Rxf3 exd4 20. cxd4 Nc6
21. Qe4 g6 22. Rd3 Nb4 23. Rd2 Nxc2 24. Qxc2 c6 25. Qb3 Rfe8 26. h3 Re7 27.
Rad1 Qd5 28. Qxd5 Rxd5 29. Kf1 Kg7 30. Rd3 Kf7 31. f3 Re6 32. Kf2 Ke7 33. Rb3
b5 34. Rbd3 Kd7 35. R1d2 a5 36. Rd1 f5 37. R1d2 f4 38. Rd1 Red6 39. Ke2 Kc7 40.
b3 Kb6 41. a3 Kc7 42. R1d2 Kd7 43. Rd1 Ke6 44. R1d2 Kd7 45. Rd1 Rg5 46. Kf2 Kd8
47. R1d2 Rgd5 48. Ke2 Re6+ 49. Kf2 Kd7 50. Rd1 Re8 51. R1d2 Rb8 52. Ke2 b4 53.
a4 Kd6 54. Kf2 Re8 55. Rc2 Rc8 56. Ke2 c5 57. Rc4 Rc7 58. dxc5+ Rcxc5 59. Rxf4
Rc2+ 60. Ke3 Rxd3+ 61. Kxd3 Rxg2 62. Kc4 Rg5 63. Rf6+ Ke7 64. Rf4 Rh5 65. h4
Ke6 66. Re4+ Kd6 67. Kd4 Rd5+ 68. Ke3 Rc5 69. Rd4+ Kc6 70. Ke4 Rc3 71. Rd3 Rc1
72. Rd4 Re1+ 73. Kd3 Rb1 74. Kc2 Rf1 75. Rf4 Rh1 76. Rc4+ Kd5 77. Rg4 Rf1 78.
Rg5+ Kd4 79. Rxa5 Rf2+ 80. Kd1 Rxf3 81. Ra7 Kc3 82. a5 Rf1+ 83. Ke2 Ra1 84.
Rxh7 Rxa5 85. Rh6 Rh5 86. Rxg6 Rxh4 87. Rg3+ Kc2 88. Rg8 Re4+ 89. Kf3 Re7 90.
Rc8+ Kxb3 91. Kf2 Kb2 92. Kf1 b3 93. Kf2 Kb1 94. Rb8 b2 95. Kf1 Re4 0-1

[Event "2. Bundesliga Mitte 2016/2017"]
[Site "Leoben, Wolfsberg/Taufkirchen/Fuerstenfeld, Grieskirchen, St. Veit"]
[Date "2016.11.13"]
[Round "5"]
[Board "5"]
[White "Lentrodt, Thomas"]
[Black "Mostbauer, Maximilian"]
[Result "1/2-1/2"]
[WhiteElo "2232"]
[BlackElo "2102"]
[PlyCount "102"]
[EventDate "2016.10.07"]
[EventType "team"]
[EventRounds "11"]
[EventCountry "AUT"]
[WhiteTeam "Spg. Grieskirchen/Schallerbach"]
[BlackTeam "Union Ansfelden"]

1. d4 Nf6 2. c4 g6 3. Nc3 Bg7 4. e4 d6 5. Be2 O-O 6. Nf3 e5 7. O-O Nc6 8. d5
Ne7 9. Ne1 Nd7 10. Nd3 f5 11. f3 f4 12. g4 g5 13. Bd2 h5 14. h3 Rf7 15. Be1 Bf8
16. b4 Rh7 17. Bf2 Ng6 18. Kg2 Nf6 19. Rg1 Qe7 20. Kf1 hxg4 21. hxg4 Rh2 22.
Ke1 a5 23. a3 Bd7 24. Kd2 Qh7 25. Rc1 axb4 26. axb4 Ra3 27. Ra1 Rxa1 28. Qxa1
Qh3 29. Qf1 Qh7 30. Kc2 Kf7 31. Kb3 Be7 32. Be1 b6 33. Nf2 Kg7 34. Rh1 Rxh1 35.
Qxh1 Qg8 36. Nd3 Qa8 37. Bf2 Qa7 38. Kb2 Qa8 39. Qa1 Qxa1+ 40. Kxa1 Kf7 41. Bd1
Nh4 42. Bxh4 gxh4 43. Nf2 Nh7 44. Ne2 b5 45. Kb2 Ng5 46. Ng1 c6 47. Ngh3 Nxh3
48. Nxh3 cxd5 49. cxd5 Bd8 50. Be2 Bb6 51. Bf1 Kg6 1/2-1/2

[Event "2. Bundesliga Mitte 2016/2017"]
[Site "Leoben, Wolfsberg/Taufkirchen/Fuerstenfeld, Grieskirchen, St. Veit"]
[Date "2016.11.13"]
[Round "5"]
[Board "6"]
[White "Mostbauer, Florian"]
[Black "Schwabeneder, Alois"]
[Result "1/2-1/2"]
[WhiteElo "2283"]
[BlackElo "1987"]
[PlyCount "108"]
[EventDate "2016.10.07"]
[EventType "team"]
[EventRounds "11"]
[EventCountry "AUT"]
[WhiteTeam "Union Ansfelden"]
[BlackTeam "Spg. Grieskirchen/Schallerbach"]

1. c4 Nf6 2. g3 e5 3. Bg2 d6 4. Nc3 c6 5. d4 Qa5 6. a3 Be6 7. d5 Bf5 8. b4 Qc7
9. Bg5 Be7 10. Rc1 O-O 11. Bxf6 Bxf6 12. e4 Bg6 13. h4 h6 14. Nge2 Nd7 15. O-O
a5 16. dxc6 bxc6 17. b5 Nc5 18. bxc6 Qxc6 19. Qc2 Rfb8 20. Rb1 Be7 21. Rb5 a4
22. Nd5 Bf8 23. Rfb1 Nb3 24. Rxb8 Rxb8 25. Nc1 Rc8 26. Nxb3 Qxd5 27. Nd2 Qd4
28. Rb5 f5 29. exf5 Bf7 30. Rb4 Qa1+ 31. Bf1 Qxa3 32. Qxa4 Qc1 33. Qd7 Re8 34.
Nb3 Qe1 35. Qb5 d5 36. c5 e4 37. Nd4 e3 38. Rb2 exf2+ 39. Rxf2 Qe3 40. Ne6
Qxg3+ 41. Bg2 Be7 42. Rf3 Qe1+ 43. Qf1 Qb4 44. Rf4 Bxc5+ 45. Nxc5 Qxc5+ 46. Qf2
Re1+ 47. Kh2 Qc3 48. Qd4 Qxd4 49. Rxd4 Re5 50. Bh3 Re4 51. Rxe4 dxe4 52. Kg3
Bd5 53. Kf4 Kf8 54. Bg2 Ke7 1/2-1/2

[Event "2. Bundesliga Mitte 2016/2017"]
[Site "Leoben, Wolfsberg/Taufkirchen/Fuerstenfeld, Grieskirchen, St. Veit"]
[Date "2016.11.13"]
[Round "5"]
[Board "1"]
[White "Huber, Martin Christian"]
[Black "Wegerer, Fred"]
[Result "1-0"]
[WhiteElo "2412"]
[BlackElo "2077"]
[PlyCount "93"]
[EventDate "2016.10.07"]
[EventType "team"]
[EventRounds "11"]
[EventCountry "AUT"]
[WhiteTeam "Schachfreunde Graz"]
[BlackTeam "RbEJ Gleisdorf"]

1. d4 d6 2. Nf3 Bg4 3. c4 Nd7 4. Nc3 e5 5. g3 Bxf3 6. exf3 exd4 7. Qxd4 Ne7 8.
Bg2 Nc6 9. Qd1 Be7 10. O-O O-O 11. f4 Bf6 12. Nd5 Nb6 13. Qd3 Nxd5 14. cxd5 Nb4
15. Qb3 a5 16. Be3 b6 17. Rac1 Qd7 18. Rfd1 Na6 19. Rd2 Nc5 20. Qd1 Rfe8 21. b3
Re7 22. Rdc2 g6 23. Qf1 Rae8 24. Bh3 Qd8 25. Qd1 Qa8 26. Bf1 Qc8 27. Bb5 Rf8
28. Rc4 Qf5 29. g4 Qc8 30. Rb1 h5 31. h3 hxg4 32. hxg4 Re4 33. Kg2 Rxc4 34.
Bxc4 Re8 35. Bb5 Re7 36. Qf3 Bg7 37. Rh1 f5 38. Qh3 fxg4 39. Qh7+ Kf7 40. Qxg7+
Kxg7 41. Bd4+ Re5 42. fxe5 Ne6 43. dxe6 Qb7+ 44. Kg1 Qd5 45. e7 Qxd4 46. e8=Q
Qd1+ 47. Bf1 1-0

[Event "2. Bundesliga Mitte 2016/2017"]
[Site "Leoben, Wolfsberg/Taufkirchen/Fuerstenfeld, Grieskirchen, St. Veit"]
[Date "2016.11.13"]
[Round "5"]
[Board "2"]
[White "Frosch, Ronald"]
[Black "Schnider, Gert"]
[Result "0-1"]
[WhiteElo "2273"]
[BlackElo "2404"]
[PlyCount "60"]
[EventDate "2016.10.07"]
[EventType "team"]
[EventRounds "11"]
[EventCountry "AUT"]
[WhiteTeam "RbEJ Gleisdorf"]
[BlackTeam "Schachfreunde Graz"]

1. d4 Nf6 2. Nf3 g6 3. e3 Bg7 4. c4 O-O 5. Nc3 c5 6. Be2 cxd4 7. exd4 d5 8. O-O
Nc6 9. c5 Ne4 10. Be3 b6 11. Qa4 Bd7 12. Bb5 Nxc3 13. bxc3 Qc7 14. c4 dxc4 15.
Rac1 a6 16. Bxc6 Bxc6 17. cxb6 Qxb6 18. Qxc4 Bxf3 19. gxf3 Rfd8 20. d5 Qd6 21.
Rfd1 h5 22. Qe4 Rac8 23. Rb1 Qa3 24. Rb7 Bf6 25. Kg2 Qxa2 26. Bb6 Rd6 27. Bc7
Rd7 28. d6 exd6 29. Qc6 Qe6 30. Re1 Rdxc7 0-1

[Event "2. Bundesliga Mitte 2016/2017"]
[Site "Leoben, Wolfsberg/Taufkirchen/Fuerstenfeld, Grieskirchen, St. Veit"]
[Date "2016.11.13"]
[Round "5"]
[Board "3"]
[White "Mikanovic, Sandro"]
[Black "Manhardt, Thomas"]
[Result "1/2-1/2"]
[WhiteElo "2240"]
[BlackElo "2226"]
[PlyCount "62"]
[EventDate "2016.10.07"]
[EventType "team"]
[EventRounds "11"]
[EventCountry "AUT"]
[WhiteTeam "Schachfreunde Graz"]
[BlackTeam "RbEJ Gleisdorf"]

1. Nf3 f5 2. d4 Nf6 3. Nc3 g6 4. Bg5 Bg7 5. Bxf6 Bxf6 6. e4 fxe4 7. Nxe4 d5 8.
Nxf6+ exf6 9. Bd3 Qe7+ 10. Qe2 Nc6 11. Bb5 Qxe2+ 12. Kxe2 Bd7 13. Bxc6 Bxc6 14.
Rhe1 Kf7 15. Kd2 Rae8 16. Rxe8 Rxe8 17. Re1 Bd7 18. Rxe8 Kxe8 19. Ng1 g5 20. f4
h6 21. fxg5 hxg5 22. g3 Kf7 23. Ke3 Kg6 24. Nf3 Kh5 25. h4 gxh4 26. Nxh4 Kg4
27. Kf2 Be8 28. Ng2 Kf5 29. Ke3 Kg4 30. Kf2 Kf5 31. Ke3 Kg4 1/2-1/2

[Event "2. Bundesliga Mitte 2016/2017"]
[Site "Leoben, Wolfsberg/Taufkirchen/Fuerstenfeld, Grieskirchen, St. Veit"]
[Date "2016.11.13"]
[Round "5"]
[Board "4"]
[White "Wanderer, Thomas"]
[Black "Kravanja, Georg"]
[Result "0-1"]
[WhiteElo "2199"]
[BlackElo "2246"]
[PlyCount "66"]
[EventDate "2016.10.07"]
[EventType "team"]
[EventRounds "11"]
[EventCountry "AUT"]
[WhiteTeam "RbEJ Gleisdorf"]
[BlackTeam "Schachfreunde Graz"]

1. e4 c6 2. c4 d5 3. cxd5 cxd5 4. exd5 Nf6 5. Nc3 Nxd5 6. Nf3 e6 7. d4 Be7 8.
Bd3 Nc6 9. O-O O-O 10. Re1 Bf6 11. Bb1 Nde7 12. Qd3 Ng6 13. Be3 Nb4 14. Qe4 Nd5
15. Bc2 Nxe3 16. Rxe3 Rb8 17. Rd1 b6 18. Ne5 Bb7 19. Qg4 Qc7 20. Qh5 Bxe5 21.
dxe5 Rfd8 22. Rc1 Qd7 23. Rh3 Qd2 24. Qd1 Qg5 25. Qf1 Bxg2 26. Rg3 Qxg3 27.
hxg3 Bxf1 28. Bxg6 hxg6 29. Kxf1 Rd2 30. Rb1 Rbd8 31. Ke1 Rc2 32. Ne4 Rd4 33.
Nc3 Rdd2 0-1

[Event "2. Bundesliga Mitte 2016/2017"]
[Site "Leoben, Wolfsberg/Taufkirchen/Fuerstenfeld, Grieskirchen, St. Veit"]
[Date "2016.11.13"]
[Round "5"]
[Board "5"]
[White "Domarkaite, Laima"]
[Black "Sonnberger, Thomas"]
[Result "0-1"]
[WhiteElo "2123"]
[BlackElo "2130"]
[PlyCount "142"]
[EventDate "2016.10.07"]
[EventType "team"]
[EventRounds "11"]
[EventCountry "AUT"]
[WhiteTeam "Schachfreunde Graz"]
[BlackTeam "RbEJ Gleisdorf"]

1. e4 c6 2. d4 d5 3. Nc3 dxe4 4. Nxe4 Nd7 5. Ng5 h6 6. Ne6 Qb6 7. Nxf8 Nxf8 8.
c3 Bf5 9. Qb3 Nd7 10. Bc4 Qxb3 11. Bxb3 Ngf6 12. Nf3 O-O 13. O-O e6 14. h3 Rfd8
15. Rd1 Be4 16. Ne1 Rac8 17. f3 Bg6 18. Be3 Nd5 19. Bf2 Nf4 20. Rd2 e5 21. Bg3
Nh5 22. Bh4 Ndf6 23. Rad1 e4 24. fxe4 Nxe4 25. Bxd8 Nxd2 26. Rxd2 Rxd8 27. Re2
Kf8 28. Kf2 Nf4 29. Re3 f6 30. Kf3 Nd5 31. Re2 Bb1 32. a3 g5 33. g3 Ne7 34. Bc2
Ba2 35. b3 Nd5 36. c4 Nc3 37. Re3 Nb1 38. Bxb1 Bxb1 39. Nd3 Rxd4 40. Nc5 Bf5
41. g4 Bc8 42. Ne4 f5 43. Nf2 Rf4+ 44. Kg3 Rxg4+ 45. hxg4 f4+ 46. Kf3 fxe3 47.
Kxe3 Ke7 48. Kd4 b6 49. b4 Be6 50. c5 Bc8 51. Ke5 bxc5 52. bxc5 Be6 53. Kd4 Kf6
54. Ne4+ Kg6 55. Nf2 h5 56. gxh5+ Kxh5 57. Ke3 Bf5 58. Kf3 Kg6 59. Ke3 Kf6 60.
Kd4 g4 61. Nh1 Kg5 62. Ke3 Be6 63. Ng3 Bd5 64. Ne2 Kf5 65. Nd4+ Ke5 66. Ne2 Bg2
67. Nf4 Bf3 68. Nh5 Kd5 69. Nf6+ Kxc5 70. Nd7+ Kc4 71. Ne5+ Kb3 0-1

[Event "2. Bundesliga Mitte 2016/2017"]
[Site "Leoben, Wolfsberg/Taufkirchen/Fuerstenfeld, Grieskirchen, St. Veit"]
[Date "2016.11.13"]
[Round "5"]
[Board "1"]
[White "Freitag, Manfred"]
[Black "Fahrner, Kurt"]
[Result "1-0"]
[WhiteElo "2386"]
[BlackElo "2276"]
[PlyCount "111"]
[EventDate "2016.10.07"]
[EventType "team"]
[EventRounds "11"]
[EventCountry "AUT"]
[WhiteTeam "SPG Spk. Fuerstenfeld/Hartberg"]
[BlackTeam "ESV Austria Graz"]

1. d4 d5 2. c4 c6 3. Nf3 e6 4. e3 f5 5. Bd3 Nf6 6. O-O Bd6 7. b3 Qe7 8. Bb2 Ne4
9. Ne5 Bxe5 10. dxe5 Nd7 11. Qh5+ Qf7 12. Qxf7+ Kxf7 13. cxd5 cxd5 14. Rc1 Nec5
15. Bf1 b6 16. b4 Na6 17. a3 Ke7 18. Nc3 Nc7 19. Ne2 Ne8 20. f4 Rg8 21. Nd4 Bb7
22. a4 a6 23. Kf2 g6 24. a5 b5 25. Rc2 Ng7 26. Rc7 Rgb8 27. Rac1 Ne8 28. R7c2
Rc8 29. Rxc8 Rxc8 30. Rxc8 Bxc8 31. Be2 Nb8 32. Kg3 Bd7 33. Kh4 h6 34. Bc3 Nc7
35. g4 Nc6 36. Nxc6+ Bxc6 37. Bd4 fxg4 38. Bd3 Kf7 39. Kxg4 Ne8 40. Kf3 Ng7 41.
Ke2 Bb7 42. Bc5 Nf5 43. Kd2 g5 44. fxg5 hxg5 45. Ke2 g4 46. Kf2 Bc6 47. Be2 Nh6
48. Kg3 Kg6 49. Kf4 Be8 50. Bf8 g3 51. hxg3 Ng8 52. Bd3+ Kf7 53. Bc5 Ne7 54.
Bxe7 Kxe7 55. Kg5 Bf7 56. Bh7 1-0

[Event "2. Bundesliga Mitte 2016/2017"]
[Site "Leoben, Wolfsberg/Taufkirchen/Fuerstenfeld, Grieskirchen, St. Veit"]
[Date "2016.11.13"]
[Round "5"]
[Board "2"]
[White "Karner, Christoph"]
[Black "Poetz, Florian"]
[Result "0-1"]
[WhiteElo "2283"]
[BlackElo "2385"]
[PlyCount "88"]
[EventDate "2016.10.07"]
[EventType "team"]
[EventRounds "11"]
[EventCountry "AUT"]
[WhiteTeam "ESV Austria Graz"]
[BlackTeam "SPG Spk. Fuerstenfeld/Hartberg"]

1. d4 Nf6 2. Nf3 e6 3. g3 b5 4. Bg2 Bb7 5. O-O c5 6. Na3 Qb6 7. dxc5 Bxc5 8. b4
Bxb4 9. Rb1 Qa5 10. Nxb5 O-O 11. a3 Be7 12. Bd2 Qd8 13. Bf4 Na6 14. Nd6 Bc6 15.
Qd4 Qa5 16. Rfd1 Qc5 17. Qxc5 Nxc5 18. Ne5 Bxg2 19. Kxg2 Nd5 20. Nb5 a6 21.
Rxd5 exd5 22. Nc7 Rab8 23. Rxb8 Rxb8 24. Nxd5 Re8 25. Nc7 Rc8 26. Nd5 Bf8 27.
Nb6 Rd8 28. a4 f6 29. Nec4 Ne6 30. e4 Nxf4+ 31. gxf4 Bc5 32. a5 Kf8 33. Kf3 Ke8
34. Ke2 Rb8 35. f3 Kd8 36. Kd3 Kc7 37. f5 Kc6 38. Kc3 Bxb6 39. Nxb6 Kb5 40.
Nxd7 Rc8+ 41. Kb3 Rd8 42. c4+ Kc6 43. Nb6 Rd3+ 44. Kb4 Rxf3 0-1

[Event "2. Bundesliga Mitte 2016/2017"]
[Site "Leoben, Wolfsberg/Taufkirchen/Fuerstenfeld, Grieskirchen, St. Veit"]
[Date "2016.11.13"]
[Round "5"]
[Board "3"]
[White "Kuba, Guenter"]
[Black "Kotz, Heinz Peter"]
[Result "0-1"]
[WhiteElo "2329"]
[BlackElo "2267"]
[PlyCount "146"]
[EventDate "2016.10.07"]
[EventType "team"]
[EventRounds "11"]
[EventCountry "AUT"]
[WhiteTeam "SPG Spk. Fuerstenfeld/Hartberg"]
[BlackTeam "ESV Austria Graz"]

1. e4 d6 2. d4 Nf6 3. Nc3 g6 4. Be3 c6 5. h3 Bg7 6. Qd2 b5 7. Bd3 Nbd7 8. Nf3
O-O 9. Ne2 Nb6 10. Ng3 Re8 11. b3 e5 12. dxe5 dxe5 13. O-O Qe7 14. a4 bxa4 15.
bxa4 Nbd7 16. Qc3 Nf8 17. Qxc6 Bb7 18. Qc5 Qd8 19. Rfd1 Ne6 20. Qb5 Qc8 21.
Rab1 Bc6 22. Qa5 Nf4 23. Kh2 h6 24. Ba6 Qe6 25. Bb7 Rab8 26. Qxa7 Bxb7 27. Rxb7
Ra8 28. Qc5 Rxa4 29. Rd6 Qa2 30. Nxe5 Rxe5 31. Qc8+ Kh7 32. Bxf4 Rc4 33. Qd8
Re8 34. Qb6 Nxe4 35. Rdd7 Rf8 36. Rxf7 Rxf7 37. Rxf7 Nxg3 38. Qf6 Nh5 39. Qe6
Rxc2 40. Qxa2 Rxa2 41. Bc7 Ra7 42. Re7 Nf6 43. Bd6 Rxe7 44. Bxe7 Nd5 45. Bd6
Kg8 46. g4 Kf7 47. f4 Ke6 48. Bb8 Bf8 49. Kg2 Bd6 50. f5+ gxf5 51. gxf5+ Ke5
52. Ba7 Kxf5 53. Kf3 h5 54. Be3 Bf4 55. Bd4 Nc7 56. Bc5 Ne6 57. Bb6 Ng5+ 58.
Kg2 Ke4 59. Bc5 Nf3 60. Bb6 Nh4+ 61. Kf2 Be5 62. Bd8 Bd4+ 63. Kg3 Nf5+ 64. Kg2
Kf4 65. Bc7+ Be5 66. Bb6 Ke4 67. Bd8 h4 68. Bg5 Bf4 69. Bd8 Ne3+ 70. Kf2 Bg3+
71. Ke2 Nd5 72. Bg5 Nc3+ 73. Kd2 Bf4+ 0-1

[Event "2. Bundesliga Mitte 2016/2017"]
[Site "Leoben, Wolfsberg/Taufkirchen/Fuerstenfeld, Grieskirchen, St. Veit"]
[Date "2016.11.13"]
[Round "5"]
[Board "5"]
[White "Toelly, Michael"]
[Black "Ebner, Hubert"]
[Result "1/2-1/2"]
[WhiteElo "2225"]
[BlackElo "2247"]
[PlyCount "63"]
[EventDate "2016.10.07"]
[EventType "team"]
[EventRounds "11"]
[EventCountry "AUT"]
[WhiteTeam "SPG Spk. Fuerstenfeld/Hartberg"]
[BlackTeam "ESV Austria Graz"]

1. e4 c5 2. Nf3 Nc6 3. d4 cxd4 4. Nxd4 g6 5. c4 Bg7 6. Be3 Nf6 7. Nc3 O-O 8.
Be2 d6 9. O-O Bd7 10. f4 Nxd4 11. Bxd4 Bc6 12. Bf3 a5 13. c5 dxc5 14. Bxc5 Nd7
15. Be3 a4 16. Rc1 Qa5 17. Qe2 a3 18. e5 axb2 19. Qxb2 Nc5 20. Qe2 Na4 21. Nxa4
Qxa4 22. Bxc6 bxc6 23. Bc5 Rfe8 24. a3 e6 25. Rc4 Qb3 26. Rfc1 Bf8 27. Bxf8
Rxf8 28. Rxc6 Rxa3 29. h3 Ra2 30. R6c2 Rxc2 31. Rxc2 Qg3 32. Qf2 1/2-1/2

[Event "2. Bundesliga Mitte 2016/2017"]
[Site "Leoben, Wolfsberg/Taufkirchen/Fuerstenfeld, Grieskirchen, St. Veit"]
[Date "2016.11.13"]
[Round "5"]
[Board "6"]
[White "Schrittwieser, Herbert"]
[Black "Posch, Siegfried"]
[Result "1-0"]
[WhiteElo "2165"]
[BlackElo "1927"]
[PlyCount "83"]
[EventDate "2016.10.07"]
[EventType "team"]
[EventRounds "11"]
[EventCountry "AUT"]
[WhiteTeam "ESV Austria Graz"]
[BlackTeam "SPG Spk. Fuerstenfeld/Hartberg"]

1. Nf3 Nf6 2. c4 g6 3. b3 Bg7 4. Bb2 O-O 5. g3 d5 6. Bg2 c6 7. O-O Nbd7 8. Qc2
dxc4 9. bxc4 Nc5 10. d3 h6 11. Nbd2 Qa5 12. Bc3 Qa6 13. a4 Ncd7 14. d4 c5 15.
d5 Nb6 16. Be5 Ne8 17. a5 Nd7 18. Bxg7 Kxg7 19. e4 Qd6 20. Qc3+ f6 21. Nb3 a6
22. Rae1 Rf7 23. e5 fxe5 24. Nxe5 Nxe5 25. Rxe5 Nf6 26. Rfe1 Rb8 27. Nd2 Bf5
28. h3 Rbf8 29. f4 Kg8 30. Nf3 Bc8 31. R5e3 Kh7 32. Ne5 Rg7 33. Nd3 Bd7 34. Qa3
Rc8 35. Ne5 Be8 36. Qb2 Rb8 37. Nd3 Bd7 38. Qb6 Rc8 39. Rxe7 Qxe7 40. Rxe7 Rxe7
41. Qxf6 Rce8 42. Ne5 1-0

[Event "2. Bundesliga Mitte 2016/2017"]
[Site "Leoben, Wolfsberg/Taufkirchen/Fuerstenfeld, Grieskirchen, St. Veit"]
[Date "2016.11.13"]
[Round "5"]
[Board "1"]
[White "Pilaj, Herwig"]
[Black "Schachinger, Mario"]
[Result "0-1"]
[WhiteElo "2390"]
[BlackElo "2425"]
[PlyCount "84"]
[EventDate "2016.10.07"]
[EventType "team"]
[EventRounds "11"]
[EventCountry "AUT"]
[WhiteTeam "SC DieKlagenfurter"]
[BlackTeam "SC MPOE Maria Saal 2"]

1. c4 Nf6 2. Nc3 g6 3. g3 Bg7 4. Bg2 O-O 5. d3 d6 6. Bg5 h6 7. Bd2 e5 8. Qc1
Kh7 9. h4 h5 10. Nf3 Nc6 11. Rb1 a5 12. a3 Ne7 13. b4 axb4 14. axb4 Nfg8 15.
Ra1 Rxa1 16. Qxa1 f6 17. Qa7 Nc6 18. Qa3 Bg4 19. Nh2 Nd4 20. Qb2 Bd7 21. e3 Bc6
22. Nd5 Ne6 23. O-O f5 24. Bc3 Bd7 25. c5 Bb5 26. Rd1 c6 27. Nb6 dxc5 28. Qb3
Nd4 29. exd4 cxd4 30. Nf3 dxc3 31. Ng5+ Kh8 32. Qe6 c2 33. Rc1 Rf6 34. Nf7+
Rxf7 35. Qxf7 Qxb6 36. Qxg6 Bxd3 37. Bd5 Qxb4 38. Qxh5+ Nh6 39. Be6 Qa3 40. Qg5
f4 41. Kh2 Be4 42. Qd8+ Kh7 0-1

[Event "2. Bundesliga Mitte 2016/2017"]
[Site "Leoben, Wolfsberg/Taufkirchen/Fuerstenfeld, Grieskirchen, St. Veit"]
[Date "2016.11.13"]
[Round "5"]
[Board "2"]
[White "Handler, Lukas"]
[Black "Wertjanz, David"]
[Result "1-0"]
[WhiteElo "2377"]
[BlackElo "2298"]
[PlyCount "171"]
[EventDate "2016.10.07"]
[EventType "team"]
[EventRounds "11"]
[EventCountry "AUT"]
[WhiteTeam "SC MPOE Maria Saal 2"]
[BlackTeam "SC DieKlagenfurter"]

1. Nf3 Nf6 2. g3 b6 3. Bg2 Bb7 4. O-O c5 5. d3 e6 6. e4 d6 7. Nbd2 Be7 8. c3
O-O 9. Re1 Nc6 10. Nc4 d5 11. exd5 Nxd5 12. d4 cxd4 13. Nxd4 Nxd4 14. Qxd4 Bc5
15. Qe5 Rc8 16. Ne3 Bd6 17. Qe4 Bc5 18. Qe5 Bd6 19. Qh5 Nf6 20. Qe2 Bxg2 21.
Kxg2 Qc7 22. Bd2 Rfd8 23. Rad1 Qc6+ 24. Qf3 Qa4 25. a3 Ne4 26. Bc1 Ng5 27. Qb7
Qe4+ 28. Qxe4 Nxe4 29. Nc2 Nc5 30. Nd4 a6 31. Kf3 Be7 32. Ke2 Bf6 33. Nc2 Kf8
34. f3 Ke7 35. Nb4 a5 36. Rxd8 Kxd8 37. Rd1+ Kc7 38. Nc2 Rd8 39. Rxd8 Kxd8 40.
b4 Nb7 41. c4 axb4 42. axb4 Kc7 43. Kd3 Nd6 44. c5 bxc5 45. bxc5 Nb7 46. Kc4
Na5+ 47. Kb5 Nc6 48. Be3 Na7+ 49. Kc4 Nc6 50. f4 Na5+ 51. Kb5 Nc6 52. Kc4 Na5+
53. Kb5 Nc6 54. Ka4 Ne7 55. Bf2 Nd5 56. Kb5 Nc3+ 57. Kc4 Nd5 58. Na3 Be7 59.
Nb5+ Kb7 60. Bd4 g6 61. Bf2 Nf6 62. Be1 Ng4 63. Bb4 Ne3+ 64. Kd3 Nd5 65. Ba3
Kc6 66. Nd4+ Kc7 67. Kc4 Ne3+ 68. Kb3 Nd5 69. Ka4 Ne3 70. Bb4 Nd5 71. Ba5+ Kd7
72. Bb6 Kc8 73. Kb5 Bf6 74. Nc6 Nc3+ 75. Ka6 Kd7 76. Kb7 Ne4 77. Ne5+ Ke8 78.
c6 Nd6+ 79. Kb8 Bxe5 80. fxe5 Nc4 81. Bd4 Na5 82. c7 Nc6+ 83. Kb7 Na5+ 84. Kb6
Kd7 85. Kxa5 Kxc7 86. Kb5 1-0

[Event "2. Bundesliga Mitte 2016/2017"]
[Site "Leoben, Wolfsberg/Taufkirchen/Fuerstenfeld, Grieskirchen, St. Veit"]
[Date "2016.11.13"]
[Round "5"]
[Board "3"]
[White "Genser, Harald"]
[Black "Halvax, Georg"]
[Result "0-1"]
[WhiteElo "2304"]
[BlackElo "2429"]
[PlyCount "80"]
[EventDate "2016.10.07"]
[EventType "team"]
[EventRounds "11"]
[EventCountry "AUT"]
[WhiteTeam "SC DieKlagenfurter"]
[BlackTeam "SC MPOE Maria Saal 2"]

1. d4 d5 2. c4 e6 3. Nc3 Bb4 4. a3 Bxc3+ 5. bxc3 c5 6. e3 Nf6 7. Bd3 Qc7 8.
cxd5 exd5 9. Ne2 O-O 10. O-O Re8 11. Ng3 b6 12. f3 Bb7 13. Ra2 Nc6 14. Re2 Nd7
15. Bb2 f6 16. Qb1 Nf8 17. e4 dxe4 18. fxe4 Rad8 19. e5 fxe5 20. d5 Rxd5 21.
Bc4 Na5 22. Bxd5+ Bxd5 23. Rfe1 Ng6 24. Bc1 Nc4 25. Nf5 Qc6 26. Qd3 Be6 27. Ng3
Na5 28. Rf2 Bc4 29. Qe4 Bd5 30. Qg4 Nc4 31. h4 e4 32. Rd1 Nce5 33. Qg5 e3 34.
Bxe3 Bxg2 35. Rd8 Nf3+ 36. Rxf3 Bxf3 37. Nf5 h6 38. Qe7 Nxe7 39. Nxe7+ Kh7 40.
Nxc6 Rxe3 0-1

[Event "2. Bundesliga Mitte 2016/2017"]
[Site "Leoben, Wolfsberg/Taufkirchen/Fuerstenfeld, Grieskirchen, St. Veit"]
[Date "2016.11.13"]
[Round "5"]
[Board "4"]
[White "Rieger, Robert"]
[Black "Petschar, Kurt"]
[Result "1-0"]
[WhiteElo "2320"]
[BlackElo "2288"]
[PlyCount "107"]
[EventDate "2016.10.07"]
[EventType "team"]
[EventRounds "11"]
[EventCountry "AUT"]
[WhiteTeam "SC MPOE Maria Saal 2"]
[BlackTeam "SC DieKlagenfurter"]

1. e4 e6 2. d4 d5 3. Nc3 Bb4 4. e5 c5 5. a3 Bxc3+ 6. bxc3 Ne7 7. Qg4 O-O 8. Bd3
c4 9. Be2 Qa5 10. Bd2 Qa4 11. Bd1 Nbc6 12. f4 b5 13. Nf3 a5 14. Bc1 b4 15. Bb2
b3 16. cxb3 cxb3 17. O-O Ba6 18. Rf2 Rab8 19. Qh3 Bd3 20. Ng5 Bg6 21. g4 h6 22.
Nf3 f6 23. exf6 Rxf6 24. g5 hxg5 25. fxg5 Bf5 26. Qg3 Rff8 27. Be2 Ng6 28. Nd2
Nce7 29. Raf1 Qd7 30. h4 Bc2 31. h5 Nf5 32. Qh3 Nge7 33. Bg4 Nc6 34. Nf3 Qc7
35. Re1 Rbe8 36. a4 Be4 37. Nd2 Bc2 38. g6 Nd8 39. Nf3 Qg3+ 40. Qxg3 Nxg3 41.
Ng5 Rxf2 42. Kxf2 Ne4+ 43. Nxe4 dxe4 44. Ba3 Nb7 45. Ke3 Nd6 46. Bxd6 b2 47. c4
b1=Q 48. Rxb1 Bxb1 49. c5 Bc2 50. c6 Bxa4 51. c7 Bb3 52. Kxe4 a4 53. Ba3 Bd5+
54. Ke5 1-0